Variability in performance among mature half-sib progenies of Hevea brasiliensis (Willd ex Adr. de Juss. Muell. Arg.) (Record no. 72084)

MARC details
000 -LEADER
fixed length control field 01862nam a2200205Ia 4500
100 ## - MAIN ENTRY--AUTHOR NAME
Personal name Mydin K K
245 #0 - TITLE STATEMENT
Title Variability in performance among mature half-sib progenies of Hevea brasiliensis (Willd ex Adr. de Juss. Muell. Arg.)
260 ## - PUBLICATION, DISTRIBUTION, ETC. (IMPRINT)
Name of publisher Journal of Plantation Crops
Year of publication 2010
300 ## - PHYSICAL DESCRIPTION
Number of Pages 125-131
520 ## - SUMMARY, ETC.
Summary, etc A study of half-sib progeny testing and selection was undertaken at the Central Experiment Station of the Rubber Research Institute of India during 1993-2004 to evolve new and improved rubber clones of varying parentage. A total of 150 rubber clones comprising open pollinated progenies of ten popular clones, with 15 clones per progeny were evaluated in a Compact Family Block Design over four years of tapping. There was significant variability among and within the mature progenies with respect to rubber yield, growth attributes, timber yield and bark anatomical parameters. Based on estimates of general combining ability for rubber and timber yield, clones PB 28/83, Ch 26, RRII 105, PB 215, PB 252, PB 217, PB 242 and PB 5/51 were identified as promising parent material for polycross breeding via polyclonal seed gardens. More than 50 per cent of the clones within the progeny of parent clone PB 28/83 were high yielding. This clone has also exhibited positive estimates of general combining ability for annual mean yield, summer yield and timber yield, comfirming its prepotent ability to produce superior progeny. From the present study, 29 promising clones derived from the half-sib progenies of eight parents of Malaysian and Indian origin could also be identified.
650 ## - SUBJECT ADDED ENTRY--TOPICAL TERM
Topical Term Bole volumer
650 ## - SUBJECT ADDED ENTRY--TOPICAL TERM
Topical Term Clones
650 ## - SUBJECT ADDED ENTRY--TOPICAL TERM
Topical Term General combining ability
650 ## - SUBJECT ADDED ENTRY--TOPICAL TERM
Topical Term Prepotency
650 ## - SUBJECT ADDED ENTRY--TOPICAL TERM
Topical Term Rubber yield
700 ## - ADDED ENTRY--PERSONAL NAME
Personal name Mercykutty V C
700 ## - ADDED ENTRY--PERSONAL NAME
Personal name Thomas V
942 ## - ADDED ENTRY ELEMENTS (KOHA)
Koha item type Journals
Holdings
Withdrawn status Lost status Damaged status Not for loan Home library Current library Shelving location Date acquired Serial Enumeration / chronology Koha item type
      Journals RRII Library RRII Library Botany 01/01/2021 Volume 38, Issue 2 Journals